| 000 | 01250cam a2200445 4500 | ||
|---|---|---|---|
| 003 | PE-LiUPU | ||
| 005 | 20250731173123.0 | ||
| 020 | _a0849904625 | ||
| 035 | _a(Sirsi) i9780849904622 | ||
| 035 | _a(Sirsi) 26705 | ||
| 035 | _a(Sirsi) 26705 | ||
| 041 | _aen | ||
| 044 | _aus | ||
| 082 | 0 | 4 |
_a262.0017 19 _bM58 |
| 100 | 1 | _aMiller, Keith | |
| 245 | 1 | 4 |
_aThe Dream / _cKeith Miller. |
| 264 | 1 |
_aWaco, Texas : _bWord Books Publisher, _c1985 |
|
| 300 |
_a103 páginas ; _c22 cm. |
||
| 505 | 0 | _aThe dream. | |
| 521 | _aAlumnos de teología | ||
| 526 | _aSEG42 | ||
| 526 | _aSEG41 | ||
| 526 | _aSEG40 | ||
| 526 | _aSEG39 | ||
| 526 | _aP94 | ||
| 526 | _aP87 | ||
| 526 | _aP86 | ||
| 526 | _aP85 | ||
| 526 | _aP77 | ||
| 526 | _aP76 | ||
| 526 | _aP35 | ||
| 650 | 1 | 4 | _aIglesia renovada. |
| 650 | 2 | 4 |
_aCristianismo _xSiglo XX. |
| 942 |
_2ddc _cBOOK |
||
| 949 |
_a262.0017 19 M58 _i51073 _lCCODEBUL1 _mBUL _tLIBRO _o.STAFF. Colección General |
||
| 910 |
_aaj _bgl _cop _d20030214 |
||
| 596 | _a1 | ||
| 999 |
_a262.0017 19 M58 _wDEWEY _c32765 _i51073 _f2021-11-10 _g5 _lCCODEBUL1 _mBUL _p10.00 _r0 _sY _tBOOK _u2015-6-24 _xTEOLOGIA _PP35 _0COMPRA _o.STAFF. Colección General _d32765 |
||
| 980 |
_81 _gALBERTO SANCHEZ Responsable de Automatización |
||